Central Library OPAC University of Rajshahi

From Bismarck to Adenauer: aspects of German statecraft / (Record no. 42201)

MARC details
000 -LEADER
fixed length control field 00952nam a2200277 a 4500
001 - CONTROL NUMBER
control field 42201
003 - CONTROL NUMBER IDENTIFIER
rucl marc code BD-RjUL
005 - DATE AND TIME OF LATEST TRANSACTION
control field 20211209053516.0
008 - FIXED-LENGTH DATA ELEMENTS--GENERAL INFORMATION
fixed length control field 160611s1958 mdu 000 0 eng
035 ## - SYSTEM CONTROL NUMBER
System control number (BD-RjUL)42319
040 ## - CATALOGING SOURCE
Original cataloging agency DLC
Transcribing agency DLC
Modifying agency BD-RjUL
Language of cataloging eng
041 ## - LANGUAGE CODE
Language code of text/sound track or separate title eng
082 00 - DEWEY DECIMAL CLASSIFICATION NUMBER
Classification number 327.43
Edition number 20
Author mark and year CRF 1958
100 1# - MAIN ENTRY--PERSONAL NAME
Personal name Craig, Gordon Alexander
Dates associated with a name 1913-
9 (RLIN) 129781
245 10 - TITLE STATEMENT
Title From Bismarck to Adenauer: aspects of German statecraft /
Statement of responsibility, etc. Gordon Alexander Craig
260 ## - PUBLICATION, DISTRIBUTION, ETC. (IMPRINT)
Place of publication, distribution, etc. Baltimore :
Name of publisher, distributor, etc. Johns Hopkins Press,
Date of publication, distribution, etc. 1958.
300 ## - PHYSICAL DESCRIPTION
Pagination 156 p.;
Size 23 cm.
490 0# - SERIES STATEMENT
Series statement The Albert Shaw lectures on diplomatic history, 1958
600 10 - SUBJECT ADDED ENTRY--PERSONAL NAME
Personal name Bismarck, Otto,
Titles and other words associated with a name Fรผrst von,
Dates associated with a name 1815-1898.
Personal name Adenauer, Konrad,
Dates associated with a name 1876-1967.
650 #0 - SUBJECT ADDED ENTRY--TOPICAL TERM
Topical term or geographic name as entry element Statesmen
Geographic subdivision Germany.
9 (RLIN) 129784
Topical term or geographic name as entry element Diplomatic and consular service, German.
9 (RLIN) 129785
651 #0 - SUBJECT ADDED ENTRY--GEOGRAPHIC NAME
Geographic name Germany
General subdivision Foreign relations
Chronological subdivision 1871-
9 (RLIN) 129786
942 ## - ADDED ENTRY ELEMENTS (KOHA)
Source of classification or shelving scheme Dewey Decimal Classification
Koha item type Books
Holdings
Lost status Source of classification or shelving scheme Damaged status Not for loan Collection code Permanent Location Current Location Shelving location Date acquired Source of acquisition Cost, normal purchase price Total Checkouts Full call number Date last seen Copy number Koha item type
  Dewey Decimal Classification     Non-fiction Central Library, University of Rajshahi Central Library, University of Rajshahi   05/08/1964 Zeithinger 36.00   327.43 CRF 1958 11/06/2016 C-2 Books